| 000 | 00658cam a2200241ua 4500 | ||
|---|---|---|---|
| 001 | 10080 | ||
| 008 | 170329n ii |||gr||||Z||||||asm | ||
| 020 | _a9789382750772 | ||
| 040 | _cMAIN | ||
| 041 | _aasm | ||
| 082 | _a330.954162 | ||
| 100 |
_aMachey, Ashwini, _eAuthor. |
||
| 245 |
_aAsomor arthanitir bicharya bikhaysamuh _cBy Ashwini Machey and others |
||
| 250 | _a1st ed. | ||
| 260 |
_aDibrugarh: _bBanalata, _c2015. |
||
| 300 | _a221p. | ||
| 653 | _aEconomics | ||
| 653 | _aEconomy of Assam | ||
| 700 |
_aBuragohain, Pranjal Pratim, _eAuthor. |
||
| 700 |
_aLahon, Ratul Kumar, _eAuthor. |
||
| 700 |
_aGoswami, Nilakshi, _eAuthor. |
||
| 942 | _cBK | ||
| 999 |
_c9079 _d9079 |
||